000 00341cam a22001097a 4500
008 180718b xxu||||| |||| 00| 0 eng d
082 _aL203x54 In2g
100 _aBhoothalingam, S.
245 _aFinal report on rationlisation and simplification of the tax stucture
_cby S. Bhoothalingam
260 _aDelhi
_bMinistry of Finace
_c
300 _a91+p.
999 _c500436
_d500436